[Event "Heusenstamm Sparkassen op-B 6th"]
[Site "Heusenstamm"]
[Date "2019.11.23"]
[Round "5"]
[White "Trenz, Finn"]
[Black "Woehl, Torsten"]
[Result "1/2-1/2"]
[WhiteElo "1358"]
[BlackElo "1522"]
[PlyCount "32"]
[EventDate "2019.11.21"]
[EventType "swiss"]
[EventRounds "7"]
[EventCountry "GER"]
[SourceTitle "CBM 194 Extra"]
[Source "ChessBase"]
[SourceDate "2020.03.31"]
[SourceVersion "1"]
[SourceVersionDate "2020.03.31"]
[SourceQuality "1"]

1. e4 e6 2. d4 d5 3. exd5 exd5 4. Nc3 Nf6 5. Bg5 Be7 6. Nf3 0-0 7. Bd3 Nbd7 8. 0-0 h6 9. Bh4 c5 10. Ne2 cxd4 11. Nexd4 Nc5 12. Nf5 Nxd3 13. Nxe7+ Qxe7 14. Qxd3 Bg4 15. h3 Bh5 16. Bxf6 Qxf6 1/2-1/2

[Event "Frankfurt-chB"]
[Site "Frankfurt"]
[Date "2019.06.04"]
[Round "6"]
[White "Le, Tung Lam"]
[Black "Woehl, Torsten"]
[Result "1/2-1/2"]
[WhiteElo "1358"]
[BlackElo "1324"]
[PlyCount "84"]
[EventDate "2019.04.29"]
[EventType "swiss"]
[EventRounds "7"]
[EventCountry "GER"]
[SourceTitle "EXT 2020"]
[Source "ChessBase"]
[SourceDate "2019.10.17"]
[SourceVersion "1"]
[SourceVersionDate "2019.10.17"]
[SourceQuality "1"]

1. e4 e6 2. d4 d5 3. Nd2 c5 4. Ngf3 Nc6 5. exd5 exd5 6. Bb5 Qb6 7. Qe2+ Be6 8. 0-0 Be7 9. dxc5 Qxc5 10. Nb3 Qd6 11. Be3 Nf6 12. Bc5 Qc7 13. Bxe7 Qxe7 14. Nbd4 0-0 15. Nxc6 bxc6 16. Bxc6 Rac8 17. Ba4 Rc4 18. Bb3 Re4 19. Qd3 Rd8 20. Rfe1 Bf5 21. Qd2 Qd6 22. Qg5 Bg6 23. Qg3 Qc5 24. Rxe4 Nxe4 25. Qh4 Nf6 26. Qd4 Qc8 27. c3 Qb8 28. Re1 Be4 29. Ne5 Qc7 30. f3 Bf5 31. Nd3 Be6 32. Nf4 Bc8 33. Nxd5 Nxd5 34. Bxd5 Be6 35. c4 g6 36. Qe4 Qb6+ 37. Kf1 Bxd5 38. cxd5 Qb5+ 39. Kg1 Qxb2 40. a4 Qd2 41. Re2 Qc1+ 42. Kf2 Qc5+ 1/2-1/2

[Event "Heusenstamm Sparkassen op-B 5th"]
[Site "Heusenstamm"]
[Date "2018.11.25"]
[Round "6"]
[White "Woehl, Torsten"]
[Black "Haas, Vanessa"]
[Result "1/2-1/2"]
[WhiteElo "1529"]
[BlackElo "1737"]
[PlyCount "55"]
[EventDate "2018.11.22"]
[EventType "swiss"]
[EventRounds "7"]
[EventCountry "GER"]
[SourceTitle "CBM 187 Extra"]
[Source "ChessBase"]
[SourceDate "2018.11.04"]
[SourceVersion "1"]
[SourceVersionDate "2018.11.04"]
[SourceQuality "1"]

1. d4 d5 2. Bf4 e6 3. Nd2 c5 4. e3 cxd4 5. exd4 Nc6 6. c3 Bd6 7. Bg3 a6 8. Bd3 h5 9. Ngf3 b5 10. Ne5 Nxe5 11. dxe5 Bc5 12. Nb3 Bb6 13. Nd4 h4 14. Bf4 g5 15. Be3 Qc7 16. f4 gxf4 17. Bxf4 Ne7 18. Qf3 Bb7 19. 0-0 b4 20. Kh1 bxc3 21. bxc3 Nc6 22. Nxc6 Bxc6 23. Bg5 d4 24. Qf6 Rf8 25. Rab1 Qb7 26. Rf2 dxc3 27. Rxb6 Bxg2+ 28. Rxg2 1/2-1/2

[Event "Heusenstamm Sparkassen op-B 5th"]
[Site "Heusenstamm"]
[Date "2018.11.23"]
[Round "2"]
[White "Woehl, Torsten"]
[Black "Becker, Ralph"]
[Result "1/2-1/2"]
[WhiteElo "1529"]
[BlackElo "1745"]
[PlyCount "47"]
[EventDate "2018.11.22"]
[EventType "swiss"]
[EventRounds "7"]
[EventCountry "GER"]
[SourceTitle "CBM 187 Extra"]
[Source "ChessBase"]
[SourceDate "2018.11.04"]
[SourceVersion "1"]
[SourceVersionDate "2018.11.04"]
[SourceQuality "1"]

1. d4 Nf6 2. Bf4 d6 3. e3 g6 4. c3 Bg7 5. h3 h5 6. Nd2 Nbd7 7. Ngf3 Nb6 8. e4 Bg4 9. Be2 Nfd7 10. Qb3 Bxf3 11. Nxf3 e5 12. Be3 Qe7 13. Ng5 Nf8 14. a4 f6 15. a5 Nbd7 16. Nf3 exd4 17. Nxd4 Nc5 18. Qb5+ Nfd7 19. f3 c6 20. Qb4 d5 21. 0-0-0 dxe4 22. f4 f5 23. Nc2 0-0 24. Bc4+ 1/2-1/2

[Event "Heusenstamm Sparkassen op-B 3rd"]
[Site "Heusenstamm"]
[Date "2016.11.27"]
[Round "2"]
[White "Peteani, Damien"]
[Black "Woehl, Torsten"]
[Result "1-0"]
[WhiteElo "1679"]
[BlackElo "1586"]
[PlyCount "61"]
[EventDate "2016.11.27"]
[EventType "swiss"]
[EventRounds "7"]
[EventCountry "GER"]
[SourceTitle "EXT 2018"]
[Source "ChessBase"]
[SourceDate "2017.10.13"]
[SourceVersion "1"]
[SourceVersionDate "2017.10.13"]
[SourceQuality "1"]

1. e4 e6 2. d4 d5 3. e5 c5 4. c3 Nc6 5. Nf3 Qb6 6. a3 Nge7 7. b4 cxd4 8. cxd4 Bd7 9. Bb2 Ng6 10. Nbd2 Nce7 11. g3 Nf5 12. Bd3 Bb5 13. Qe2 Bxd3 14. Qxd3 a5 15. 0-0 Be7 16. Nb3 axb4 17. axb4 0-0 18. Nc5 Qxb4 19. Ba3 Qc4 20. Qxc4 dxc4 21. Rfb1 Nxd4 22. Nxd4 Rxa3 23. Rxa3 Bxc5 24. Rc3 Bxd4 25. Rxc4 Bxe5 26. Rxb7 Bf6 27. f4 e5 28. f5 Ne7 29. g4 Bg5 30. Re4 Bf4 31. Rxe7 1-0

[Event "Heusenstamm Sparkassen op-B 3rd"]
[Site "Heusenstamm"]
[Date "2016.11.27"]
[Round "3"]
[White "Woehl, Torsten"]
[Black "Martin, Lukas"]
[Result "1/2-1/2"]
[WhiteElo "1586"]
[BlackElo "1421"]
[PlyCount "49"]
[EventDate "2016.11.27"]
[EventType "swiss"]
[EventRounds "7"]
[EventCountry "GER"]
[SourceTitle "EXT 2018"]
[Source "ChessBase"]
[SourceDate "2017.10.13"]
[SourceVersion "1"]
[SourceVersionDate "2017.10.13"]
[SourceQuality "1"]

1. d4 d5 2. Bf4 Nf6 3. e3 g6 4. Nf3 Bg7 5. c3 0-0 6. Nbd2 Nbd7 7. h3 e6 8. Be2 b6 9. a4 c5 10. 0-0 a5 11. Bg5 Re8 12. Bb5 Ba6 13. Qe2 Bxb5 14. Qxb5 Qc7 15. Bf4 Qb7 16. dxc5 Nxc5 17. Ne5 Nfd7 18. Nxd7 Qxd7 19. Qxd7 Nxd7 20. Ra3 Be5 21. Bxe5 Nxe5 22. e4 dxe4 23. Nxe4 Nc4 24. Rb3 Kg7 25. Rd1 1/2-1/2

[Event "Wiesbaden op 28th"]
[Site "Wiesbaden"]
[Date "2016.08.26"]
[Round "2"]
[White "Woehl, Torsten"]
[Black "Everett, Elijah David"]
[Result "0-1"]
[WhiteElo "1592"]
[BlackElo "2053"]
[PlyCount "92"]
[EventDate "2016.08.25"]
[EventType "swiss"]
[EventRounds "7"]
[EventCountry "GER"]
[SourceTitle "CBM 174 Extra"]
[Source "ChessBase"]
[SourceDate "2016.10.10"]
[SourceVersion "1"]
[SourceVersionDate "2016.10.10"]
[SourceQuality "1"]

1. d4 Nf6 2. Bf4 g6 3. e3 Bg7 4. Nd2 0-0 5. Ngf3 d6 6. c3 c5 7. Be2 b6 8. Qc2 Bb7 9. h3 Nbd7 10. Bg5 Qc7 11. Bb5 cxd4 12. Bxd7 dxe3 13. Bxe3 Nxd7 14. 0-0 Ne5 15. Nxe5 Bxe5 16. f4 Bg7 17. f5 Qc6 18. Nf3 Qe4 19. Qd2 Qxf5 20. Bh6 Qd5 21. Qe3 Qc5 22. Qxc5 dxc5 23. Bxg7 Kxg7 24. Rae1 e6 25. Ne5 Rad8 26. Rf2 f6 27. Ng4 h5 28. Nh2 e5 29. Nf1 Rd3 30. Nd2 Rfd8 31. Ree2 Ba6 32. c4 R3d4 33. b3 Bb7 34. Kf1 e4 35. Nb1 Rd1+ 36. Re1 f5 37. Nc3 Rxe1+ 38. Kxe1 Rd3 39. Ne2 e3 40. Rf1 Rd2 41. a3 Bxg2 42. Rg1 Rb2 43. Rxg2 Rb1+ 44. Nc1 Rxc1+ 45. Ke2 Rc2+ 46. Kf1 Rxg2 0-1

[Event "Frankfurt-chB"]
[Site "Frankfurt"]
[Date "2016.05.09"]
[Round "3"]
[White "Woehl, Torsten"]
[Black "Mook, Karl Juergen"]
[Result "1-0"]
[WhiteElo "1363"]
[BlackElo "1329"]
[PlyCount "87"]
[EventDate "2016.04.25"]
[EventType "swiss"]
[EventRounds "9"]
[EventCountry "GER"]
[SourceTitle "EXT 2018"]
[Source "ChessBase"]
[SourceDate "2017.10.13"]
[SourceVersion "1"]
[SourceVersionDate "2017.10.13"]
[SourceQuality "1"]

1. d4 Nf6 2. Bf4 c5 3. e3 g6 4. c3 Bg7 5. Nf3 0-0 6. Nbd2 b6 7. Be2 d6 8. h3 Bb7 9. a4 Nbd7 10. Qb3 Qc8 11. a5 Bd5 12. c4 Be4 13. Nxe4 Nxe4 14. Ng5 Nxg5 15. Bxg5 Re8 16. Bf3 cxd4 17. Bxa8 Qxa8 18. 0-0 Nc5 19. Qb5 dxe3 20. Bxe3 a6 21. Qb4 Nd3 22. Qxb6 Rb8 23. Qa7 Qxa7 24. Bxa7 Rc8 25. Rab1 Nxb2 26. Rfe1 e6 27. Rec1 Be5 28. c5 dxc5 29. Rxc5 Rxc5 30. Bxc5 Nd3 31. Be3 Bc7 32. Bh6 Bf4 33. Bxf4 Nxf4 34. Rb6 Nd3 35. Rxa6 Nc5 36. Rc6 Na4 37. a6 Kg7 38. a7 Nb2 39. a8Q Nd3 40. Rc7 Ne5 41. f4 Nd3 42. Qe4 Nb2 43. Qxe6 Kh6 44. Qxf7 1-0

[Event "Wiesbaden op 27th"]
[Site "Wiesbaden"]
[Date "2015.08.29"]
[Round "4"]
[White "Gutacker, Stephan"]
[Black "Woehl, Torsten"]
[Result "1-0"]
[WhiteElo "1887"]
[BlackElo "1621"]
[PlyCount "91"]
[EventDate "2015.08.27"]
[EventType "swiss"]
[EventRounds "7"]
[EventCountry "GER"]
[SourceTitle "EXT 2016"]
[Source "ChessBase"]
[SourceDate "2015.10.08"]
[SourceVersion "1"]
[SourceVersionDate "2015.10.08"]
[SourceQuality "1"]

1. e4 e6 2. d4 d5 3. Bd3 c5 4. c3 Nc6 5. Nf3 Qb6 6. 0-0 Nf6 7. e5 Nd7 8. Bc2 cxd4 9. cxd4 Be7 10. Nc3 0-0 11. Re1 f6 12. exf6 Nxf6 13. a3 Bd7 14. Ne2 Bd6 15. Ng3 Rae8 16. Bg5 Bxg3 17. hxg3 Ng4 18. Qd3 Rf5 19. Qd2 Rff8 20. Bf4 Ne7 21. Ne5 Nxe5 22. Bxe5 Nf5 23. g4 Nh6 24. Qd3 g6 25. g5 Ng4 26. Bg3 Bb5 27. Qd2 e5 28. dxe5 Bc4 29. b3 Bxb3 30. Bxb3 Qxb3 31. Rab1 Qxa3 32. Qxd5+ Kh8 33. Qd4 Nxf2 34. Bxf2 Re6 35. Rxb7 Qa5 36. Qxa7 Qxa7 37. Rxa7 Rf5 38. Rb1 Kg8 39. Bd4 Rf7 40. Rxf7 Kxf7 41. Rb7+ Re7 42. Rxe7+ Kxe7 43. Kf2 Kd7 44. Ke3 Ke7 45. Ke4 Ke6 46. Bb2 1-0

[Event "Wiesbaden op 27th"]
[Site "Wiesbaden"]
[Date "2015.08.28"]
[Round "3"]
[White "Woehl, Torsten"]
[Black "Donecker, Stefan"]
[Result "1/2-1/2"]
[WhiteElo "1621"]
[BlackElo "1879"]
[PlyCount "33"]
[EventDate "2015.08.27"]
[EventType "swiss"]
[EventRounds "7"]
[EventCountry "GER"]
[SourceTitle "EXT 2016"]
[Source "ChessBase"]
[SourceDate "2015.10.08"]
[SourceVersion "1"]
[SourceVersionDate "2015.10.08"]
[SourceQuality "1"]

1. d4 f5 2. Bf4 Nf6 3. e3 g6 4. h3 Bg7 5. c3 e6 6. Nf3 d6 7. Nbd2 Qe7 8. Be2 Nc6 9. Qb3 Rb8 10. Bg5 Bd7 11. 0-0 0-0 12. Rac1 h6 13. Bh4 Kh8 14. Bg3 e5 15. Nc4 Ne4 16. Bh2 g5 17. Nfd2 1/2-1/2

[Event "Wiesbaden op 27th"]
[Site "Wiesbaden"]
[Date "2015.08.27"]
[Round "1"]
[White "Woehl, Torsten"]
[Black "Koellner, Christoph"]
[Result "0-1"]
[WhiteElo "1621"]
[BlackElo "2021"]
[PlyCount "62"]
[EventDate "2015.08.27"]
[EventType "swiss"]
[EventRounds "7"]
[EventCountry "GER"]
[SourceTitle "EXT 2016"]
[Source "ChessBase"]
[SourceDate "2015.10.08"]
[SourceVersion "1"]
[SourceVersionDate "2015.10.08"]
[SourceQuality "1"]

1. d4 Nf6 2. Bf4 d6 3. Nd2 Nbd7 4. e3 c6 5. Bd3 g6 6. h3 Bg7 7. c3 0-0 8. Ngf3 Re8 9. 0-0 e5 10. dxe5 dxe5 11. Bg5 Qc7 12. e4 Nc5 13. Bc2 Ne6 14. Be3 Nh5 15. g3 b6 16. Bb3 Ba6 17. Re1 Rad8 18. Qc2 Bd3 19. Qc1 h6 20. Nh2 Kh7 21. Ng4 f5 22. exf5 gxf5 23. Nh2 f4 24. gxf4 Nexf4 25. Qd1 Qd7 26. Qg4 Bf5 27. Qf3 Bxh3 28. Bc2+ Kh8 29. Bxf4 Nxf4 30. Qe4 Bf6 31. Rad1 Qg7+ 0-1

[Event "Frankfurt-chB"]
[Site "Frankfurt"]
[Date "2015.05.11"]
[Round "3"]
[White "Urbach, Jens"]
[Black "Woehl, Torsten"]
[Result "1-0"]
[WhiteElo "1408"]
[BlackElo "1307"]
[PlyCount "29"]
[EventDate "2015.04.27"]
[EventType "swiss"]
[EventRounds "7"]
[EventCountry "GER"]
[SourceTitle "EXT 2016"]
[Source "ChessBase"]
[SourceDate "2015.10.08"]
[SourceVersion "1"]
[SourceVersionDate "2015.10.08"]
[SourceQuality "1"]

1. e4 e5 2. Nf3 Nc6 3. d4 exd4 4. Nxd4 Qf6 5. Be3 Bc5 6. c3 a5 7. Bc4 Nge7 8. 0-0 Nxd4 9. Bxd4 Bxd4 10. cxd4 d6 11. Nc3 Bd7 12. Re1 0-0 13. e5 dxe5 14. dxe5 Qc6 15. Bb5 1-0

[Event "Frankfurt-chB"]
[Site "Frankfurt"]
[Date "2015.04.27"]
[Round "1"]
[White "Lochmann, Tobias"]
[Black "Woehl, Torsten"]
[Result "0-1"]
[WhiteElo "723"]
[BlackElo "1307"]
[PlyCount "56"]
[EventDate "2015.04.27"]
[EventType "swiss"]
[EventRounds "7"]
[EventCountry "GER"]
[SourceTitle "EXT 2016"]
[Source "ChessBase"]
[SourceDate "2015.10.08"]
[SourceVersion "1"]
[SourceVersionDate "2015.10.08"]
[SourceQuality "1"]

1. e4 e6 2. Nf3 d5 3. Nc3 dxe4 4. Nxe4 Nf6 5. Nc3 Bd6 6. Bb5+ c6 7. Ba4 0-0 8. 0-0 b5 9. Bb3 Na6 10. a3 Nc5 11. d4 Nxb3 12. cxb3 Qc7 13. b4 Ng4 14. h3 Nf6 15. Bg5 Nh5 16. Ne5 Bxe5 17. dxe5 g6 18. Ne4 Qxe5 19. Qf3 f5 20. g4 fxe4 21. Qe2 Qxg5 22. Qxe4 Rb8 23. Rae1 Nf4 24. Qe3 Rf7 25. Qb3 Qd5 26. Qg3 Rbb7 27. Qh2 Qf3 28. Rc1 Ne2# 0-1

[Event "Wiesbaden op 26th"]
[Site "Wiesbaden"]
[Date "2014.08.30"]
[Round "4"]
[White "Woehl, Torsten"]
[Black "Busch, Guenther"]
[Result "1/2-1/2"]
[WhiteElo "1626"]
[BlackElo "1307"]
[PlyCount "45"]
[EventDate "2014.08.28"]
[EventType "swiss"]
[EventRounds "7"]
[EventCountry "GER"]
[SourceTitle "CBM 162 Extra"]
[Source "ChessBase"]
[SourceDate "2014.10.17"]
[SourceVersion "1"]
[SourceVersionDate "2014.10.17"]
[SourceQuality "1"]

1. c4 b6 2. Nc3 e6 3. Nf3 Bb7 4. d3 g6 5. Bg5 f6 6. Bd2 Nh6 7. h3 Bg7 8. Qc1 Nf7 9. e4 c5 10. Be2 Nc6 11. Bf4 d6 12. Nh2 Nd4 13. Ng4 g5 14. Be3 Nc6 15. 0-0 h5 16. Nh2 e5 17. Rd1 Ne7 18. Nf1 Qd7 19. Ng3 g4 20. h4 Bh6 21. Nf1 Ng6 22. g3 Ne7 23. a4 1/2-1/2

[Event "Wiesbaden op 26th"]
[Site "Wiesbaden"]
[Date "2014.08.28"]
[Round "1"]
[White "Hain, Guenter"]
[Black "Woehl, Torsten"]
[Result "1-0"]
[WhiteElo "2047"]
[BlackElo "1626"]
[PlyCount "49"]
[EventDate "2014.08.28"]
[EventType "swiss"]
[EventRounds "7"]
[EventCountry "GER"]
[SourceTitle "CBM 162 Extra"]
[Source "ChessBase"]
[SourceDate "2014.10.17"]
[SourceVersion "1"]
[SourceVersionDate "2014.10.17"]
[SourceQuality "1"]

1. d4 Nf6 2. Nc3 g6 3. e4 d6 4. Nf3 Bg7 5. Be2 Nc6 6. d5 Ne5 7. Nxe5 dxe5 8. 0-0 0-0 9. Be3 a6 10. a4 Ne8 11. Qd2 f5 12. exf5 Bxf5 13. f3 Nd6 14. Rfe1 Rc8 15. Rad1 Qe8 16. a5 Bd7 17. Ne4 Nf5 18. Bf2 Qf7 19. Nc5 Bb5 20. c4 b6 21. Ne6 Bh6 22. Qb4 Ne3 23. cxb5 Nxd1 24. Rxd1 bxa5 25. Qh4 1-0

[Event "Karl Mala Memorial op-B 17th"]
[Site "Frankfurt"]
[Date "2014.08.01"]
[Round "2"]
[White "Woehl, Torsten"]
[Black "Wiemann, Vanessa"]
[Result "1/2-1/2"]
[WhiteElo "1626"]
[BlackElo "1088"]
[PlyCount "86"]
[EventDate "2014.07.31"]
[EventType "swiss"]
[EventRounds "7"]
[EventCountry "GER"]
[SourceTitle "EXT 2015"]
[Source "ChessBase"]
[SourceDate "2014.11.20"]
[SourceVersion "1"]
[SourceVersionDate "2014.11.20"]
[SourceQuality "1"]

1. e4 e5 2. Nf3 Nc6 3. d4 exd4 4. Nxd4 Bc5 5. Be3 Qf6 6. c3 Qg6 7. Qf3 Qf6 8. Nf5 d6 9. Bxc5 dxc5 10. Bc4 Bxf5 11. exf5 Qe7+ 12. Be2 Nf6 13. 0-0 0-0 14. Nd2 Rad8 15. Nc4 Rfe8 16. Ne3 h6 17. Rad1 Rxd1 18. Bxd1 Ne5 19. Qxb7 c6 20. Qxe7 Rxe7 21. f4 Nd3 22. Nc4 Re4 23. Bb3 Rxf4 24. Rxf4 Nxf4 25. Ne5 N6d5 26. Nxc6 Ne3 27. Kf2 Nxf5 28. Ne5 Ne6 29. g4 Nd6 30. Kf3 Ng5+ 31. Ke3 a5 32. Bd5 Ne6 33. Nc4 Nxc4+ 34. Bxc4 Kf8 35. h4 g5 36. h5 Ke7 37. Bxe6 Kxe6 38. c4 f5 39. Kf3 Ke5 40. b3 Kf6 41. a4 Ke5 42. Kg3 Ke4 43. b4 axb4 1/2-1/2

[Event "Frankfurt-chB"]
[Site "Frankfurt"]
[Date "2014.06.16"]
[Round "7"]
[White "Giebitz, Walter"]
[Black "Woehl, Torsten"]
[Result "1/2-1/2"]
[WhiteElo "1387"]
[BlackElo "1238"]
[PlyCount "56"]
[EventDate "2014.04.28"]
[EventType "swiss"]
[EventRounds "7"]
[EventCountry "GER"]
[SourceTitle "EXT 2015"]
[Source "ChessBase"]
[SourceDate "2014.11.20"]
[SourceVersion "1"]
[SourceVersionDate "2014.11.20"]
[SourceQuality "1"]

1. e4 e6 2. Nc3 Nc6 3. Nf3 d5 4. Bb5 dxe4 5. Nxe4 Bd7 6. 0-0 a6 7. Ba4 Nf6 8. Re1 b5 9. Bb3 Na5 10. d3 Bc6 11. Bg5 Be7 12. Ne5 Bxe4 13. Bxf6 Bxf6 14. Rxe4 0-0 15. c3 Qd6 16. d4 Rad8 17. h3 Nc6 18. Nxc6 Qxc6 19. Qc2 Rd6 20. Rd1 e5 21. d5 Qb6 22. c4 c5 23. dxc6 Rxd1+ 24. Qxd1 Qxc6 25. Qe2 g6 26. Qc2 Rc8 27. Qd3 Rd8 28. Qc2 Rc8 1/2-1/2